| 000 | 00540nam a22001697a 4500 | ||
|---|---|---|---|
| 008 | 160322b xxu||||| |||| 00| 0 eng d | ||
| 020 | _a0486224619 | ||
| 040 |
_aKABU _cKABU |
||
| 050 |
_aMT 50 _b.R 36 |
||
| 100 | _aRameau, Jean-Philippe | ||
| 245 |
_aTreatise on Harmony _cJeaen-philippe rameau, Translated with an introduction and notes by Philip Gossett |
||
| 260 |
_aNew york _bDover publication _c2014 |
||
| 300 | _aiv,44p. | ||
| 650 | _aHarmony | ||
| 700 | _aGossett, Philip | ||
| 942 |
_2lcc _cBK _hMT 50 .R36 1971 |
||
| 999 |
_c15901 _d15901 |
||